| 000 | 00543nam a2200181Ia 4500 | ||
|---|---|---|---|
| 008 | 151202s9999||||xx |||||||||||||| ||und|| | ||
| 082 | _bPNVM-20282 | ||
| 100 | _aजोशी य.गो. | ||
| 245 | _aऔदुंबर आणि पारिजात. | ||
| 260 | _b--- | ||
| 260 | _c0 | ||
| 300 | _a0 | ||
| 600 | _aजोशी य.गो. | ||
| 630 | _aऔदुंबर आणि पारिजात. | ||
| 700 | _aजोशी य.गो. | ||
| 730 | _aऔदुंबर आणि पारिजात. | ||
| 942 | _cBOOK | ||
| 999 |
_c1286262 _d1286259 |
||